Decentralization and rural property taxation

Kaydedildi:
Detaylı Bibliyografya
Müşterek Yazar: FAO
Materyal Türü: Kitap
Dil:Undetermined
Baskı/Yayın Bilgisi: Rome, Italy FAO 2004
Konular:
Etiketler: Etiketle
Etiket eklenmemiş, İlk siz ekleyin!
Thư viện lưu trữ: Trung tâm Học liệu Trường Đại học Cần Thơ
LEADER 00501nam a2200193Ia 4500
001 CTU_69272
008 210402s9999 xx 000 0 und d
082 |a 354.5 
082 |b F218 
110 |a FAO 
245 0 |a Decentralization and rural property taxation 
245 0 |c FAO 
260 |a Rome, Italy 
260 |b FAO 
260 |c 2004 
650 |a Public administration,Land use 
650 |x Law and legislation 
904 |i Minh 
980 |a Trung tâm Học liệu Trường Đại học Cần Thơ